• 首页
  • 本馆介绍
  • 公告通知
  • 最新文献
  • 馆藏检索
  • 电子资源
  • 读者导购
  • 参考咨询
  • 我的图书馆
  • 登录
  • 详细信息显示
  • 放入我的书架
  • 预约/预借图书
  • 作者相关作品
  • 分类相关作品
  • 丛书相关作品
  • 出版社相关作品

书目信息

  • 表格格式
  • 工作单格式
  • 卡片格式
书名: Experimental chemistry
作者: Michell J. Sienko, Robert A. Plane, Stanley T. Marcus.
分册号:
分册名:
出版地: New York :
 
出版社: McGraw-Hill
出版时间: c1976.
页数: xi, 369 p. :
开本: 24 cm.
丛书名:
中图分类号:
科图分类号:
其他分类号: O6-3:H31
主题词:
电子资源:
000 00942pam 22002890i 4504
001 E0738144576
003 CaOON
005 20070728155650.23
008 030612s1976 nyua 0001 eng l
010    @a76010234
020    @a007057331X :@cCNY2.20.
040    @aDLC@beng@cCaOONL
050 00 @aQD45@b.S553 1976
082    @a542
090    @aP410.36/W16
090    @aO6-3:H31
099    @dO6-3:H31@ex80=5
100 1  @aSienko, Michell J.
245 10 @aExperimental chemistry / @cMichell J. Sienko, Robert A. Plane, Stanley T. Marcus.
250    @a5th ed.
260 0  @aNew York :@bMcGraw-Hill,@cc1976.
300    @axi, 369 p. :@bill. ;@c24 cm.
500    @a"This laboratory manual has been written to accompany the textbooks Chemistry and Chemical principles and properties."
650  0 @aChemistry@xLaboratory manuals.
700 10 @aMarcus, Stanley T.
700 10 @aPlane, Robert A.
920    @a232010@z2
    
    Experimental chemistry / / Michell J. Sienko, Robert A. Plane, Stanley T. Marcus.-5th ed.-New York : : McGraw-Hill, , c1976.
    xi, 369 p. : : ill. ; ; 24 cm.
    "This laboratory manual has been written to accompany the textbooks Chemistry and Chemical principles and properties."
    
    ISBN 007057331X :CNY2.20.
    
●
相关链接 在E读中查询图书 在五车中查询图书 在当当中查询图书 在豆瓣中查询图书


正题名:Experimental chemistry     索取号:O6-3:H31/x80=5         预约/预借

序号 登录号 条形码 馆藏地/架位号 状态 备注
1 13969   300139696   密集书库/ [索取号:O6-3:H31/x80=5] 在馆    
2 48228   202462637   第四借阅区/ [索取号:O6-3:H31/x80=5] 在馆    
唐山师范学院图书馆 欢迎您!
大连网信软件有限公司© 版权所有